000 00723nam a2200193Ii 4500
003 JO-AjNU
008 230605s9999||||xx |||||||||||||| ||und||
040 _aJO-AjNU
_bara
_erda
_cJO-AjNU
041 _aara
050 1 4 _aTX773
100 3 _aشرف الدين، بتول,
_eauthor
_949312
245 0 0 _aصنع الحلويات الشرقية والغربية: مربيات ومرطبات
264 3 1 _aد.م: منشورات المكتبة الحديثة، د.ت
300 _a350ص
_bيشتمل على صور توضيحية
336 _atext
_btxt
_2rdacontent
337 _aunmediated
_bn
_2rdamedia
338 _avolume
_bnc
_2rdacarrier
650 4 _aالاقتصاد المنزلي-صناعة الحلويات
_949313
999 _aA21651
_c25219
_d25219